000
00298nam a2200121Ia 4500
008
190216s9999||||xx |||||||||||||| ||und||
100
_a
Ramamoorthi Mishra
245
0
_a
Hindi-Mahamanav Banne Ki Achar Samhitha
260
_b
Alpna Prakashan
_c
2008
300
_a
120
650
_a
Hindi
942
_c
BK
999
_c
16524
_d
16524